000 00818nam a2200241Ia 4500
003 OSt
005 20221005104653.0
006 a|||||r|||| 00| 0
007 ta
008 221004b |||||||| |||| 00| 0 hin d
024 _a102996
037 _cTextual
040 _aCRL
_cCRL
_bhin
041 _2hin
_ahin
082 _aP15,C301x1,1, N5
100 _aचैनानी, माया ए.
_9623821
245 0 _aधातुपाठों में अर्थनिर्देश
246 _aDhātupāṭhoan mean arthanirdesha
260 _aदिल्ली
_bविद्यानिधि प्रकाशन भारत
_c1995
300 _a324पृ0
_ccm.
942 _hP15,C301x1,1, N5
_cTEXL
_2cc
999 _c1013451
_d1013451